000 00484nam a22001817a 4500
005 20230926102753.0
008 230913b |||||||| |||| 00| 0 eng d
020 _a9788188449804
082 _a612
_bANJ-Q
100 _aAnjaneyulu Y.
245 _aQuality Assurance and Quality Management in Pharmaceutical Industry
260 _aIndia
_bPharmaMed Press
_c2009
300 _a362
500 _aInclude Index
650 _aMedical/Pharmacy
700 _aY.Anjaneyulu
999 _c33549
_d33549